Directory of Taiwan : 2005.
| Format: | Book |
|---|---|
| Published: |
Taipei:
The Taiwan News,
2005.
|
| Subjects: |
| LEADER | 00406cam a2200145 7i4500 | ||
|---|---|---|---|
| 001 | 0000015609 | ||
| 005 | 20050531090000.0 | ||
| 022 | 0 | 0 | |a 1607-923 X |
| 090 | 0 | 0 | |a TAIW 338.7025 |b DIR |
| 245 | 0 | 0 | |a Directory of Taiwan : |b 2005. |
| 260 | 0 | 0 | |a Taipei: |b The Taiwan News, |c 2005. |
| 300 | # | # | |a 645 p. |
| 650 | 0 | 0 | |a Business -- |x Taiwan -- |x Directories |
| 651 | 0 | 0 | |a Taiwan |
| 999 | |a PNG000263H |b Directories |c Countries |e MATRADE Sabah | ||